000 00294nam a22001337a 4500
020 _a323659856214
041 _aENG
100 _aChattopadhyay .T.K
245 _aATextbook on Pomology Vol 3
260 _aDelhi
_bKAlyani PUB
_c1994
300 _a277
650 _aHow
856 _uAgricultural
999 _c267
_d267